[Event "Nittenau-ch op 15th"]
[Site "Nittenau"]
[Date "2015.09.20"]
[Round "5"]
[White "Stoeglehner, Hubert"]
[Black "Stoeckl, Maximilian"]
[Result "1-0"]
[WhiteElo "1529"]
[BlackElo "1248"]
[PlyCount "37"]
[EventDate "2015.09.18"]
[EventType "swiss"]
[EventRounds "5"]
[EventCountry "GER"]
[SourceTitle "EXT 2017"]
[Source "ChessBase"]
[SourceDate "2016.10.25"]
[SourceVersion "1"]
[SourceVersionDate "2016.10.25"]
[SourceQuality "1"]

1. e4 e6 2. f4 d5 3. e5 c5 4. Nf3 Nc6 5. d3 Qb6 6. c3 Nge7 7. Nbd2 Nf5 8. Nb3 Bd7 9. g4 Nh6 10. h3 Be7 11. Be3 f6 12. exf6 gxf6 13. Qc2 e5 14. fxe5 Ng8 15. exf6 Nxf6 16. Qf2 0-0-0 17. Nxc5 Bxc5 18. Bxc5 Qxb2 19. Qxb2 1-0

[Event "Steyr op"]
[Site "Steyr"]
[Date "2012.08.31"]
[Round "5"]
[White "Gruber, Konrad"]
[Black "Stoeglehner, Hubert"]
[Result "1-0"]
[WhiteElo "1454"]
[BlackElo "1541"]
[PlyCount "69"]
[EventDate "2012.08.27"]
[EventType "swiss"]
[EventRounds "7"]
[EventCountry "AUT"]
[SourceTitle "CBM 150 Extra"]
[Source "ChessBase"]
[SourceDate "2012.10.19"]
[SourceVersion "1"]
[SourceVersionDate "2012.10.19"]
[SourceQuality "1"]

1. e4 c5 2. d4 cxd4 3. c3 dxc3 4. Nxc3 e5 5. Nf3 Nc6 6. Bc4 h6 7. 0-0 Nf6 8. Qe2 Bc5 9. Be3 Qe7 10. Rad1 0-0 11. a3 a6 12. Nd5 Nxd5 13. Bxc5 Qxc5 14. Rxd5 Qe7 15. Qd3 b5 16. Ba2 Kh7 17. Rc1 Ra7 18. Rdc5 f6 19. Bd5 Bb7 20. Nh4 g6 21. Qg3 Qg7 22. Qe3 Raa8 23. Nf3 Rac8 24. h3 Rc7 25. b4 Rfc8 26. R5c3 Qe7 27. Qb6 Qd8 28. Kf1 Rb8 29. Kg1 Rbc8 30. Kf1 Ne7 31. Rxc7 Nxd5 32. exd5 Bxd5 33. Qd6 Bc4+ 34. R1xc4 bxc4 35. Rxd7+ 1-0